书目信息 |
| 题名: |
刑法分论
|
|
| 作者: | 魏磊 , 罗云方 编著 | |
| 分册: | ||
| 出版信息: | 长春 东北师范大学出版社 2015.4 |
|
| 页数: | 254页 | |
| 开本: | 24cm | |
| 丛书名: | ||
| 单 册: | ||
| 中图分类: | D924.304 | |
| 科图分类: | ||
| 主题词: | 刑法--xing fa--细则--研究--中国 , 细则--xi ze , 研究--yan jiu , 中国--zhong guo | |
| 电子资源: | ||
| ISBN: | 978-7-5681-0719-8 | |
| 000 | 01100nam0 22002891 450 | |
| 001 | 1730296878 | |
| 005 | 20170525101507.0 | |
| 010 | @a978-7-5681-0719-8@dCNY48.00 | |
| 100 | @a20150817d2015 em y0chiy50 ea | |
| 101 | 0 | @achi |
| 102 | @aCN@b220000 | |
| 105 | @ay z 000yy | |
| 106 | @ar | |
| 200 | 1 | @a刑法分论@Axing fa fen lun@f魏磊,罗云方编著 |
| 210 | @a长春@c东北师范大学出版社@d2015.4 | |
| 215 | @a254页@d24cm | |
| 300 | @a刑事法学精品系列教材 | |
| 330 | @a本书是塔里木大学教师近10年从事刑法学教学和科研经验的总结。书中涵盖最新的刑法修正案、单行刑法、立法解释及司法解释的内容,包含危害国家安全罪、危害公共安全罪、破坏社会主义市场经济秩序罪、侵犯公民人身权利、民主权利罪、侵犯财产罪、危害国防利益罪、贪污贿赂罪、渎职罪、军人违反职责罪等按照同类客体区分的全部十类犯罪。 | |
| 606 | 0 | @a刑法@Axing fa@x细则@x研究@y中国 |
| 606 | 0 | @a细则@Axi ze |
| 606 | 0 | @a研究@Ayan jiu |
| 606 | 0 | @a中国@Azhong guo |
| 690 | @aD924.304@v5 | |
| 701 | 0 | @a魏磊@Awei lei@4编著 |
| 701 | 0 | @a罗云方@Aluo yun fang@4编著 |
| 801 | 0 | @aCN@bTANG WEI@c20170523 |
| 905 | @b0968888-92@dD924.304@e695@f5 | |
| 刑法分论/魏磊,罗云方编著.-长春:东北师范大学出版社,2015.4 |
| 254页;24cm |
| 刑事法学精品系列教材 |
| ISBN 978-7-5681-0719-8:CNY48.00 |
| 本书是塔里木大学教师近10年从事刑法学教学和科研经验的总结。书中涵盖最新的刑法修正案、单行刑法、立法解释及司法解释的内容,包含危害国家安全罪、危害公共安全罪、破坏社会主义市场经济秩序罪、侵犯公民人身权利、民主权利罪、侵犯财产罪、危害国防利益罪、贪污贿赂罪、渎职罪、军人违反职责罪等按照同类客体区分的全部十类犯罪。 |
| ● |
| 相关链接 |
|
|
|
|
正题名:刑法分论
索取号:D924.304/695
 
预约/预借
| 序号 | 登录号 | 条形码 | 馆藏地/架位号 | 状态 | 备注 |
| 1 | 0968888 | 209688881 | 第一样本阅览室/ [索取号:D924.304/695] | 在馆 | |
| 2 | 0968889 | 209688890 | 密集书库-史法系/ [索取号:D924.304/695] | 在馆 | |
| 3 | 0968890 | 209688907 | 第一借阅区/ [索取号:D924.304/695] | 在馆 | |
| 4 | 0968891 | 209688916 | 第一借阅区/ [索取号:D924.304/695] | 在馆 | |
| 5 | 0968892 | 209688925 | 第一借阅区/ [索取号:D924.304/695] | 在馆 |